| 000 | 00727nas a2200253 4500 | ||
|---|---|---|---|
| 001 | BR2012003001 | ||
| 003 | BR-BrBNA | ||
| 005 | 20231205120503.0 | ||
| 007 | ta | ||
| 008 | 230509b bl.|||p| |||| 00| 00por d | ||
| 040 |
_aBR-BrBNA _bpor _cBiblioteca Nacional de Agricultura |
||
| 041 | _a(Pt) | ||
| 072 | _aL70; L73 | ||
| 100 | 1 | _aGenovez, M.E. | |
| 245 | 1 | _aCampilobacteriose genital bovina (CGB) | |
| 650 | _aBOVINO | ||
| 650 | _aCAMPILOBACTERIOSE | ||
| 650 | _aDOENÇA ANIMAL | ||
| 650 | _aINFECÇÃO CONTAGIOSA | ||
| 650 | _aMEDICAMENTO | ||
| 773 | 0 |
_tO Biológico (Brazil) _xISSN 0366-0567 _g(Jan-Jun 1997), v. 59(1) p. 37-40 _wBR2012003001 |
|
| 909 |
_a202311 _bLúcia _c55 _dLúcia Elande |
||
| 942 |
_2AGRIS _n0 _cANA |
||
| 999 |
_c218761 _d218761 |
||